Harta karun dalam gua

Bibliographic Details
Format: Book
Published: Selangor : Penerbitan Gedung Ilmu , 2013
Series:Siri kanak-kanak harmoni
Subjects:

MARC

LEADER 00000cam a2200000 7i4500
001 0000039747
005 20151222.0
008 140105
020 |a 9674170158 
090 0 0 |a JF   |b JAW (1504) 
245 0 0 |a Harta karun dalam gua 
260 |a Selangor :   |b Penerbitan Gedung Ilmu ,   |c 2013 
440 0 |a Siri kanak-kanak harmoni 
500 |a Children ages 7-9 years old (orange) 
650 0 |a Jawi 
999 |a 0001260198   |b Book   |c Children Collection   |e Cawangan Bukit Gambir 
999 |a 0001260199   |b Book   |c Children Collection   |e Cawangan Mersing 
999 |a 0001260200   |b Book   |c Children Collection   |e Cawangan Tangkak 
999 |a 0001260204   |b Book   |c Children Collection   |e Cawangan Urban Transformation Centre 
999 |a 0001260205   |b Book   |c Children Collection   |e Cawangan Tmn. Ungku Tun Aminah 
999 |a 0001261881   |b Book   |c Children Collection   |e Perbadanan Perpustakaan Awam Johor 
999 |a 0001261882   |b Book   |c Children Collection   |e Perbadanan Perpustakaan Awam Johor 
999 |a 0001261883   |b Book   |c Children Collection   |e Cawangan Mersing